| 000 | 00999nam a22002297a 4500 | ||
|---|---|---|---|
| 999 |
_c15415 _d15415 |
||
| 003 | AR-CdUCM | ||
| 008 | 190328b19731973cu ||||| |||| 00| 0 spa d | ||
| 040 |
_aMUNICIPALIDAD PROVINCIAL DEL CUSCO _cBIBLIOTECA MUNICIPAL DEL CUSCO |
||
| 041 | _hspa | ||
| 082 |
_a985.033 / L672 / t.1 / 1973 _bL672 / t.1 / 1973 |
||
| 100 |
_aLewin, Boleslao _925946 |
||
| 245 | _aLa rebelión de Túpac Amaru y los orígenes de la emancipación americana / | ||
| 260 |
_aHabana : _bInstituto Cubano, _c1973 |
||
| 300 |
_a502 páginas. : _c23 cm. |
||
| 505 | _aContenido: t.1 : La política europea en el siglo XVIII en relación con las colonias españolas -- Comercio negrero y contrabando -- El periodismo colonial -- La sublevación de Quito de 1765 -- La teoría del tiranocidio... | ||
| 650 |
_aBiografías históricas _96252 |
||
| 650 |
_aRevolución de Túpac Amaru _915410 |
||
| 650 |
_aAmérica Latina _951035 |
||
| 650 |
_aColonias españolas _99671 |
||
| 942 |
_2ddc _cLIBROS |
||
| 945 |
_awnts _d2019-04-27 |
||